| Tag |
First Indicator |
Second Indicator |
Subfields |
| LEADER |
00000cam a2200000 a 4500 |
| 001 |
in00000951321 |
| 005 |
20150926130056.0 |
| 007 |
hd afv|||baca |
| 008 |
850506s1644 miu a 00000 eng d |
| 035 |
|
|
|a (OCoLC)11999976
|
| 035 |
|
|
|9 AET3809AM
|
| 037 |
|
|
|a CL0037000007
|b UMI
|
| 037 |
|
|
|b University Microfilms International, 300 N. Zeeb Rd., Ann Arbor, MI 48106
|
| 040 |
|
|
|a EAA
|c EAA
|d UMI
|d UtOrBLW
|
| 049 |
|
|
|a TXAI
|
| 099 |
|
|
|a film
|a B
|a 3609
|
| 100 |
1 |
|
|a Harrison, Richard,
|d active 17th century.
|
| 245 |
1 |
0 |
|a Irelands misery since the late cessation :
|b sent in a letter from a gentleman in Dublin to his brother-in-law, now residing in London sometime living in the county of Cavan in that kingdome : wherein is set forth the great cruelty and horrible massacres, committed upon the English protestants in severall castles and places which they have taken since : with divers other remarkable passages of great consequence concerning the affaires of both kingdoms.
|
| 264 |
|
3 |
|a London :
|b Printed for Henry Shephard ...,
|c 1644.
|
| 300 |
|
|
|a 2 unnumbered pages, 6 pages
|
| 336 |
|
|
|a text
|b txt
|2 rdacontent
|
| 337 |
|
|
|a microform
|b h
|2 rdamedia
|
| 338 |
|
|
|a microfilm reel
|b hd
|2 rdacarrier
|
| 500 |
|
|
|a Caption title, page 1: A letter from Mr. Richard Harrison in Dublin, to his brother Mr. R. Tuke, now resident in London, &c.
|
| 500 |
|
|
|a Attributed to Richard Harrison. cf. BLC.
|
| 500 |
|
|
|a Reproduction of original in Thomason Collection, British Library.
|
| 510 |
4 |
|
|a Wing
|c H907
|
| 533 |
|
|
|a Microfilm.
|b Ann Arbor, Mich. :
|c University Microfilms,
|d 1967.
|e 1 microfilm reel : 35 mm.
|f (Early English books, 1641-1700 ; 233:E30, no. 12)
|
| 500 |
|
|
|a Microform.
|
| 651 |
|
0 |
|a Ireland
|x History
|y 1625-1649.
|
| 830 |
|
0 |
|a Early English books, 1641-1700 ;
|v 233:E.30, no. 12.
|
| 999 |
|
|
|a MARS
|
| 999 |
f |
f |
|s af1f7a4d-37ad-3cc1-a9dc-49ed8dac30ca
|i 40d43755-dee5-3f47-b0da-ac3a8ef92137
|t 0
|
| 952 |
f |
f |
|p default
|a Texas A&M University
|b College Station
|c Sterling C. Evans Library
|d Evans: Microforms (3rd floor)
|t 0
|e film B 3609 233:E.30 no. 12
|h Other scheme
|i microform -- microfilm reel
|
| 998 |
f |
f |
|a film B 3609 233:E.30 no. 12
|t 0
|l Evans: Microforms (3rd floor)
|